000
00259nam a22001097a 4500
082
_a
620.1123 HEN'E
100
_a
HENDRY, A. W
_9
43231
245
_a
ELEMENTS OF EXPERIMENTAL STRESS ANALYSIS
260
_a
OXFORD
_b
PERGMAN
_c
1964
300
_a
193P
942
_c
BK
999
_c
584382
_d
584382